Štúdium rastlinných a mikrobiálnych enzýmov transformujúcich glukozinoláty na izotiokyanáty: purifikácia a charakterizácia ich molekulových a katalytických vlastností
Enregistré dans:
| Auteur principal: | |
|---|---|
| Autres auteurs: | |
| Format: | Manuscrit Livre |
| Langue: | slovaque |
| Publié: |
2022
|
| Sujets: | |
| Accès en ligne: | http://is.stuba.sk/zp/portal_zp.pl?podrobnosti=145755 |
| Tags: |
Pas de tags, Soyez le premier à ajouter un tag!
|
MARC
| LEADER | 00000ntm a22000003a 4500 | ||
|---|---|---|---|
| 001 | stuzp66181 | ||
| 003 | SK-STU | ||
| 005 | 20220430210236.3 | ||
| 007 | ta | ||
| 008 | 150427s2015----xo-----f-mn---000-0-slo-d | ||
| 040 | |a STU |b slo | ||
| 041 | 0 | |a slo | |
| 100 | 1 | |a Galádová, Helena |u 043000 |k Z2 |4 aut |U FCHPT Fakulta chemickej a potravinárskej technológie |T FCHPT Ústav biochémie a mikrobiológie |X 43598 |U C3000 |Y 101 |7 43598 | |
| 242 | 0 | 1 | |a Study of plant and microbial enzymes catalyzing transformation of glucosinolates to isothiocyanates: purification and characterization their molecular and catalytic properties |y eng |
| 245 | 1 | 0 | |a Štúdium rastlinných a mikrobiálnych enzýmov transformujúcich glukozinoláty na izotiokyanáty: purifikácia a charakterizácia ich molekulových a katalytických vlastností |
| 260 | |c 2022 | ||
| 650 | 4 | |a myrozináza |2 slo | |
| 650 | 4 | |a glukozinoláty |2 slo | |
| 650 | 4 | |a sulforafan |2 slo | |
| 650 | 4 | |a purifikácia |2 slo | |
| 650 | 4 | |a biochemická charakterizácia |2 slo | |
| 650 | 4 | |a identifikácia |2 slo | |
| 650 | 4 | |a myrosinase |2 eng | |
| 650 | 4 | |a glucosinolates |2 eng | |
| 650 | 4 | |a sulforaphane |2 eng | |
| 650 | 4 | |a purification |2 eng | |
| 650 | 4 | |a biochemical characterization |2 eng | |
| 650 | 4 | |a identification |2 eng | |
| 700 | 1 | |a Šimkovič, Martin |u 043000 |k Z1 |4 ths |U FCHPT Fakulta chemickej a potravinárskej technológie |T FCHPT Ústav biochémie a mikrobiológie |X 3961 |U C3000 |Y 101 |7 A000003961 | |
| 856 | 4 | |u http://is.stuba.sk/zp/portal_zp.pl?podrobnosti=145755 | |